Ultimate Flag Quiz - Statistics

General Stats
  • This quiz has been taken 14 times
  • The average score is 211 of 500
Answer Stats
Picture Answer % Correct
Belize
75%
Brunei
75%
Burkina Faso
75%
China
75%
Colombia
75%
Costa Rica
75%
Djibouti
75%
Germany
75%
Iran
75%
Kazakhstan
75%
Maldives
75%
Niger
75%
Panama
75%
Philippines
75%
Syria
75%
Abkhazia
63%
Afghanistan
63%
Afghanistan
63%
Albania
63%
Algeria
63%
American Samoa
63%
Andorra
63%
Angola
63%
Antarctica
63%
Antigua and Barbuda
63%
Argentina
63%
Armenia
63%
Aruba
63%
Australia
63%
Austria
63%
Azerbaijan
63%
Bahrain
63%
Bangladesh
63%
Barbados
63%
Belarus
63%
Belgium
63%
Benin
63%
Bermuda
63%
Bhutan
63%
Bolivia
63%
Bosnia and Herzegovina
63%
Botswana
63%
Brazil
63%
Bulgaria
63%
Burundi
63%
California
63%
Cambodia
63%
Cameroon
63%
Canada
63%
Cape Verde
63%
CAR
63%
Catalonia
63%
Chad
63%
Chile
63%
Comoros
63%
Congo
63%
Cook Islands
63%
Cote d'Ivoire
63%
Croatia
63%
Cuba
63%
Cyprus
63%
Czechia
63%
Denmark
63%
Dominica
63%
Dominican Republic
63%
DR Congo
63%
East Timor
63%
Ecuador
63%
Egypt
63%
El Salvador
63%
England
63%
Equatorial Guinea
63%
Eritrea
63%
Estonia
63%
Eswatini
63%
Ethiopia
63%
European Union
63%
Faroe Islands
63%
Fiji
63%
Finland
63%
France
63%
Gabon
63%
Georgia
63%
Ghana
63%
Gibraltar
63%
Greece
63%
Greenland
63%
Grenada
63%
Guam
63%
Guatemala
63%
Guernsey
63%
Guinea
63%
Guinea-Bissau
63%
Guyana
63%
Haiti
63%
Hawaii
63%
Honduras
63%
Hong Kong
63%
Hungary
63%
Iceland
63%
India
63%
Indonesia
63%
Iraq
63%
Ireland
63%
Isle of Man
63%
Israel
63%
Italy
63%
Jamaica
63%
Japan
63%
Jordan
63%
Kenya
63%
Kiribati
63%
Kosovo
63%
Kurdistan
63%
Kuwait
63%
Kyrgyzstan
63%
Laos
63%
Latvia
63%
Lebanon
63%
Lesotho
63%
Liberia
63%
Libya
63%
Liechtenstein
63%
Lithuania
63%
Luxembourg
63%
Macau
63%
Madagascar
63%
Malawi
63%
Malaysia
63%
Mali
63%
Malta
63%
Marshall Islands
63%
Mayotte
63%
Mexico
63%
Moldova
63%
Monaco
63%
Mongolia
63%
Montenegro
63%
Morocco
63%
Mozambique
63%
Myanmar
63%
Namibia
63%
NATO
63%
Nauru
63%
Nepal
63%
New Zealand
63%
Nicaragua
63%
Nigeria
63%
Northern Cyprus
63%
Northern Ireland
63%
North Korea
63%
North Macedonia
63%
Norway
63%
Oman
63%
Pakistan
63%
Palau
63%
Palestine
63%
Papua New Guinea
63%
Paraguay
63%
Peru
63%
Poland
63%
Portugal
63%
Puerto Rico
63%
Qatar
63%
Quebec
63%
Romania
63%
Russia
63%
Rwanda
63%
Saint Kitts and Nevis
63%
Saint Lucia
63%
Saint Vincent and the Grenadines
63%
Samoa
63%
San Marino
63%
Sao Tome and Principe
63%
Saudi Arabia
63%
Scotland
63%
Senegal
63%
Serbia
63%
Seychelles
63%
Sierra Leone
63%
Singapore
63%
Slovakia
63%
Slovenia
63%
Solomon Islands
63%
Somalia
63%
Somaliland
63%
South Africa
63%
South Korea
63%
South Sudan
63%
Soviet Union
63%
Spain
63%
Sri Lanka
63%
Sudan
63%
Suriname
63%
Sweden
63%
Switzerland
63%
Taiwan
63%
Tajikistan
63%
Tanzania
63%
Texas
63%
Thailand
63%
The Bahamas
63%
The Gambia
63%
The Netherlands
63%
Togo
63%
Tonga
63%
Trinidad and Tobago
63%
Tunisia
63%
Turkiye
63%
Turkmenistan
63%
Tuvalu
63%
UAE
63%
Uganda
63%
Ukraine
63%
United Kingdom
63%
United Nations
63%
Uruguay
63%
USA
63%
US Virgin Islands
63%
Uzbekistan
63%
Vanuatu
63%
Vatican City
63%
Venezuela
63%
Vietnam
63%
Wales
63%
Western Sahara
63%
Yemen
63%
Yugoslavia
63%
Zambia
63%
Zimbabwe
63%
African Union
50%
Aland
50%
Alaska
50%
Anguilla
50%
Bonaire
50%
British Antarctic Territory
50%
British Indian Ocean Territory
50%
British Virgin Islands
50%
Brittany
50%
Chechnya
50%
Corsica
50%
French Guiana
50%
Jersey
50%
Johnston Atoll
50%
Mauritania
50%
Mauritius
50%
MERCOSUR
50%
New Caledonia
50%
Niue
50%
Norfolk Island
50%
Sardinia
50%
South Ossetia
50%
Tokelau
50%
Transnistria
50%
Wake Island
50%
Wallis and Futuna
50%
Ascension Island
38%
ASEAN
38%
Azores
38%
Basque Country
38%
Bavaria
38%
Canary Islands
38%
Cayman Islands
38%
Christmas Island
38%
Clipperton Island
38%
Cocos Islands
38%
Cornwall
38%
Crete
38%
Curacao
38%
East Germany
38%
Falkland Islands
38%
Flanders
38%
French Polynesia
38%
Guadeloupe
38%
ISIS
38%
Jakarta
38%
Jan Mayen
38%
Liberland
38%
Madeira
38%
Martinique
38%
Montserrat
38%
Navassa Island
38%
Nevis
38%
Newfoundland and Labrador
38%
Northern Mariana Islands
38%
Orkney
38%
Pitcairn Islands
38%
Prince Edward Island
38%
Rapa Nui
38%
Reunion
38%
Rhodesia
38%
Saba
38%
Saint Barthelemy
38%
Saint Helena
38%
Saint Pierre and Miquelon
38%
Sami
38%
Sealand
38%
Sicily
38%
Sint Eustatius
38%
Sint Maarten
38%
South Vietnam
38%
South Yemen
38%
Tasmania
38%
the Federated States of Micronesia
38%
Tibet
38%
Tristan da Cunha
38%
Turks and Caicos Islands
38%
Tuva
38%
Western Australia
38%
Zanzibar
38%
Alderney
25%
Altai Republic
25%
Arab League
25%
Australian Antarctic Territory
25%
Azad Kashmir
25%
Azawad
25%
Bali
25%
Balochistan
25%
Bangsamoro
25%
Barbuda
25%
Barotseland
25%
Bashkortostan
25%
Belarus
25%
Biafra
25%
Bougainville
25%
Bouvet Island
25%
Central Papua
25%
Ceuta
25%
Chuuk
25%
Commonwealth
25%
Coral Sea Islands Territory
25%
Crimean Tatars
25%
Dagestan
25%
District of Columbia
25%
French Southern and Antarctic Lands
25%
Gagauzia
25%
Galapagos Islands
25%
Hokkaido
25%
Jarvis Island
25%
Jewish Autonomous Oblast
25%
Kaliningrad Oblast
25%
Karakalpakstan
25%
Karelia
25%
Katanga
25%
Kingman Reef
25%
Macedonia
25%
Maori
25%
Melilla
25%
Midway Atoll
25%
Navajo
25%
North Ossetia- Alania
25%
Nunavut
25%
Occitania
25%
Papua
25%
Republika Srpska
25%
Rodrigues
25%
Romani people
25%
Ross Dependency
25%
Russia
25%
Saint Martin
25%
Sakha
25%
Sark
25%
Shetland
25%
South Georgia and the South Sandwich Islands
25%
South Papua
25%
South Tyrol
25%
Tatarstan
25%
Udmurtia
25%
Vojvodina
25%
Wallonia
25%
Western Togoland
25%
West Papua
25%
Yap
25%
Yogyakarta
25%
Aceh
13%
Adjara
13%
Adygea
13%
Akrotiri
13%
Andalusia
13%
Anglesey
13%
Aragon
13%
AR Crimea
13%
Aromanians
13%
Ashmore and Cartier Islands
13%
Asturias
13%
Australian Aboriginal
13%
Baikonur
13%
Bajo Nuevo Bank
13%
Baker Island
13%
Balearic Islands
13%
Bektashi Order
13%
Berbers
13%
Bir Tawil
13%
Brussels
13%
Buryatia
13%
Busingen am Hochrhein
13%
Campione d'Italia
13%
Cantabria
13%
Castilla-La Mancha
13%
Castille and Leon
13%
Chameria
13%
Chukotka
13%
Chuvashia
13%
CIS
13%
Dhekelia
13%
Druze
13%
East Turkistan
13%
Embera-Wounaan
13%
Extremadura
13%
Fernando De Noronha
13%
Friesland
13%
Friuli-Venezia Giulia
13%
Galicia
13%
Gilgit Baltistan
13%
Gorno-Badakhshan
13%
Gotland
13%
Gozo
13%
Green Ukraine
13%
Guna de Madungandi
13%
Guna de Wargandi
13%
Guna Yala
13%
Heard Island and McDonald Islands
13%
Heligoland
13%
Highland Papua
13%
Howland Island
13%
Ichkeria
13%
Ingria
13%
Ingushetia
13%
Ionian Islands
13%
Isle of Wight
13%
Istria
13%
Jervis Bay
13%
Juan Fernandez Islands
13%
Kabardino-Balkaria
13%
Kalmykia
13%
Karachay-Cherkessia
13%
Khakassia
13%
Khanty-Mansi
13%
Komi
13%
Kosrae
13%
La Rioja
13%
Madrid
13%
Magallanes and Chilean Antarctica
13%
Maltese Order
13%
Manchukuo
13%
Mapuche
13%
Mari El
13%
Moldavia
13%
Moravia
13%
Mordovia
13%
Mount Athos
13%
Murcia
13%
Nagaland
13%
Nakhchivan
13%
Naso Tjer Di
13%
Navarre
13%
Nenets
13%
Ngabe-Bugle
13%
Normandy
13%
North Caribbean Coast
13%
Oecusse-Ambeno
13%
Okinawa
13%
Oromo
13%
Palmyra Atoll
13%
Peter I Island
13%
Pohnpei
13%
Principe
13%
Queen Maud Land
13%
Rojava
13%
Rotuma
13%
Rusyns
13%
San Andres and Providencia
13%
Serbia and Montenegro
13%
Serranilla Bank
13%
Sikhs
13%
Silesia
13%
Skane
13%
Sorbs
13%
South Azerbaijan
13%
South Caribbean Coast
13%
Southern Cameroons
13%
Southwest Papua
13%
Svalbard
13%
Syriac-Aramaic
13%
Szekely Land
13%
Tierra del Fuego
13%
Tobago
13%
Torres Strait Islanders
13%
Transylvania
13%
Trentino-Alto Adige
13%
Turkic States
13%
Valencian Community
13%
Valle d'Aosta
13%
Wallachia
13%
Western Armenia
13%
Western Isles
13%
West Papua
13%
Wiphala
13%
Yamal-Nenets
13%
Y wladfa
13%
No matching quizzes found
Score Distribution
Percent of People with Each Score
Percentile by Number Answered
Your Score History
You have not taken this quiz